Soil erosion and conservation

Αποθηκεύτηκε σε:
Λεπτομέρειες βιβλιογραφικής εγγραφής
Κύριος συγγραφέας: Morgan, R. P. C. (Royston Philip Charles) 1942-
Άλλοι συγγραφείς: Davidson, Donald A. (Επιμελητής έκδοσης)
Μορφή: Βιβλίο
Γλώσσα:English
Δημοσίευση: Longman, 1986
Θέματα:
Ετικέτες: Προσθήκη ετικέτας
Δεν υπάρχουν, Καταχωρήστε ετικέτα πρώτοι!

MARC

LEADER 00000nam a2200000 i 4500
001 1/86273
008 961118s1986 eng d
020 |a 0-470-20671-3 
035 |l 10006461 
040 |a GR-MY-UA  |b gre  |e aacr 
041 0 |a eng 
082 0 |a 631.45 
100 1 |a Morgan, R. P. C.  |q (Royston Philip Charles)  |d 1942- 
245 1 0 |a Soil erosion and conservation /  |c R. P. C. Morgan ; Edited by D. A. Davidson 
260 |b Longman,   |c 1986 
300 |a 298 p. 
504 |a Includes bibliographical references and index 
650 0 0 |a Soil erosion. 
650 0 0 |a Soil conservation. 
700 1 |a Davidson, Donald A.  |4 edt 
852 |a INST  |b LESVOS  |e 19961118  |h 631.45 MOR  |p 005100012530  |q 005100012530  |t BK  |y 0 
909 |a Λ  |b 009417